عرض عادي عرض مارك
  • Biographical fiction.

مدخل تقسيم شكلي

عدد التسجيلات المستخدمة في: 1

001 - رقم الضبط

  • حقل الضبط: 8699

003 - معرف رقم الضبط

  • حقل الضبط: OSt

005 - تاريخ ووقت أخر عملية

  • حقل الضبط: 20111217083028.0

008 - عناصر بيانات ثابتة الطول

  • حقل تحكم ثابت الطول: 111217|||a|||||| | ||| d

040 ## - مصدر الفهرسة

  • هيئة الفهرسة الأصلية: OSt
  • وكالة الكتابة: OSt

155 ## - الراس-نوع ادبي/مصطلح شكلي

  • النوع الادبي/المصطلح الشكلي: Biographical fiction.

670 ## - بيانات المصدر موجوده

  • الاستشهاد بالمصدر: Work cat.: (OSt)0: Woolf, Virginia, 1882-1941. 8429, Flush /, 2009.